Embarazo adolescente entre la polt̕ica y los derechos /

Bibliographic Details
Main Author: Jaramillo Sierra, Isabel C.
Format: eBook
Language:Spanish
Published: Bogot:̀ Universidad de Los Andes (Colombia), 2013
Subjects:
Online Access:Acceso restringido

MARC

LEADER 00000nam a22000007a 4500
005 2019051404474.0
007 cr|||| ||||
008 190514s2013 co |||||s|||| 00||0 spa d
020 |a 978-958-695-851-6 
035 |a 23321 
040 |a vLex 
090 |c 8695  |d 8695 
100 1 |a Jaramillo Sierra, Isabel C. 
245 1 0 |a Embarazo adolescente  |h [Recurso electrn̤ico] :  |b entre la polt̕ica y los derechos /  |c Isabel C. Jaramillo Sierra 
256 |a Servicio en ln̕ea 
260 |a Bogot:̀  |b Universidad de Los Andes (Colombia),  |c 2013 
300 |a 1 recurso electrn̤ico 
506 1 |a Disponible solo en los productos indicados  |d vLex Global  |d vLex Global (Academic Edition, excluding Law Schools)  |d vLex Global (U.S. Academic Edition, Law Schools)  |d vLex Global (U.S. Academic Edition, excluding Law Schools)  |d vLex Global (Academic Edition, Law Schools) 
650 0 4 |a Derecho Pb︢lico y Administrativo  |z Colombia 
650 0 4 |a Derecho Constitucional  |z Colombia 
740 0 |a vLex Libros (Servicio en ln̕ea) 
856 4 0 |u http://vlex.com/source/embarazo-adolescente-politica-derechos-23321  |z Acceso restringido 
942 |c BOOK 
999 0 |a Public and Administrative Law 
999 0 |a Constitutional Law